Statistics for Word Puzzles - Book Titles #2

Click here to take the quiz!

General Stats

  • This quiz has been taken 19,741 times
  • The average score is 30 of 43

Answer Stats

ClueAnswer% Correct
Bird that represents peaceDove
89%
Actress HathawayAnne
86%
Actress WatsonEmma
86%
Coffee alternativeTea
86%
Most common wordthe
86%
Queen's husbandKing
85%
Organs damaged by alcohol
(plural)
Livers
84%
Male offspringSon
84%
Stock exchange streetWall
84%
Where a Brit puts rubbishBin
82%
AdolescentTeen
82%
German noNein
81%
Where farmers laborField
79%
Type of sea birdGull
78%
Mi, Fa, So, ...La
78%
Comes in a podPea
78%
Consumed foodAte
76%
Not shortLong
76%
To steal fromRob
75%
To plant seedsSow
75%
Animals kept for companionshipPets
73%
Travels like SupermanFlies
72%
The people who work on a shipCrew
71%
Home for a foxDen
71%
Yelled after an errant golf shotFore
71%
(Book title)Nineteen Eighty-Four
71%
Takes too many steps
without dribbling
Travels
70%
(Book title)Gulliver's Travels
69%
Biblical kingDavid
67%
(Book title)Robinson Crusoe
65%
(Book title)Walden
64%
(Book title)Lord of the Flies
62%
Type of metalCopper
61%
Ancient traditions and folk storiesLore
61%
(Book title)David Copperfield
58%
Protagonist of "Great Expectations"Pip
56%
Equity investmentStock
56%
(Book title)Pet Sematary
52%
(Book title)Pippi Longstocking
52%
Cloth commonly used in bathrobesTerry
47%
Type of matter such as some
hair styling products
Gel
43%
What pageant winners wear
over their shoulders (plural)
Sashes
42%
(Book title)Angela's Ashes
29%

Score Distribution

Percentile by Number Answered

Percent of People with Each Score

Your Score History

You have not taken this quiz